Mapa forestal de la provincia de Lérida (Record no. 85309)

MARC details
000 -LEADER
campo de control de longitud fija 00895nam a2200205 i 4500
001 - NÚMERO DE CONTROL
campo de control 85309
003 - IDENTIFICADOR DE NÚMERO DE CONTROL
campo de control ES-MaACL
005 - FECHA Y HORA DE LA ÚLTIMA TRANSACCIÓN
campo de control 20250818173852.0
007 - CAMPO FIJO DE DESCRIPCIÓN FÍSICA--INFORMACIÓN GENERAL
campo de control de longitud fija t|
008 - DATOS DE LONGITUD FIJA--INFORMACIÓN GENERAL
campo de control de longitud fija 041126s1954 sp ||||1| spa d
100 1# - ENTRADA PRINCIPAL--NOMBRE DE PERSONA
Nombre de persona Jordan de Urries y Azara, Jaime.
9 (RLIN) 66920
245 10 - MENCIÓN DEL TÍTULO
Título Mapa forestal de la provincia de Lérida
Resto del título : memoria adjunta al mapa /
Mención de responsabilidad, etc. trabajo por Jaime Jordán de Urries y Azara ; prólogo de Luis Ceballos y Fernández de Córdoba.
260 ## - PUBLICACIÓN, DISTRIBUCIÓN, ETC.
Lugar de publicación, distribución, etc. Madrid :
Nombre del editor, distribuidor, etc. [Ministerio de Agricultura, Instituto Forestal de Investigaciones y Experiencias],
Fecha de publicación, distribución, etc. 1954 (
Fabricante Tip. Artística)
300 ## - DESCRIPCIÓN FÍSICA
Extensión 2 v. :
Otras características físicas 20 lám., map. ;
Dimensiones 27 cm.
650 #4 - PUNTO DE ACCESO ADICIONAL DE MATERIA--TÉRMINO DE MATERIA
Término de materia o nombre geográfico como elemento de entrada Bosques-
Subdivisión geográfica Lérida (Provincia)
9 (RLIN) 171361
700 1# - ENTRADA AGREGADA--NOMBRE PERSONAL
Nombre de persona Ceballos y Fernández de Córdoba, Luis,
Fechas asociadas al nombre 1896-1967
9 (RLIN) 37284
710 2# - ENTRADA AGREGADA--NOMBRE DE ENTIDAD CORPORATIVA
Nombre de entidad corporativa o nombre de jurisdicción como elemento de entrada Instituto Forestal de Investigaciones y Experiencias.
9 (RLIN) 5059
852 ## - LOCALIZACIÓN
Ubicación ES-MaACL
Número de control de estantería C-8330-31
Holdings
Estatus retirado Estado de pérdida Estado de daño No para préstamo Biblioteca de origen Biblioteca actual Ubicación en estantería Fecha de adquisición Fuente de adquisición Total de préstamos Signatura topográfica completa Código de barras Visto por última vez Precio de reemplazo Tipo de ítem Koha
        Biblioteca del Ateneo de Madrid Biblioteca del Ateneo de Madrid Sala Palomar 17/01/2008     C-8330-31 1089148 23/02/2023 23/02/2023 Libro impreso